zpět

Detail výsledku týmu

Meziprostor, České Budějovice

Datum a čas kvízu

48.5 Celkem bodů Celkový počet nahraných bodů na tomto kvízu bez doplňovacích otázek.
2. Pořadí na kvízu Konečné umístění týmu na tomto kvízu.

Zaznamenané odpovědi

# Otázka Odpověď Body Výsledky
1. Ve středu utekla jednomu chova... o pumě 1
2. V Pekingu byla minulý týden v... Labubu 1
3. V sobotu v rámci 30. ročníku f... ostříhat vlasy 1
4. Česká mutace jednoho oblíbenéh... Playboy 1
5. Ve které zemi byl v úterý zahá... na Slovensku 1
6. Toto téma začneme prostě, a to... Mantikora (Mantichora) 1
7. Termínem Jókai (Yōkai) se ozna... A 1
8. V roce 2009 byl Rodinným autem... Škoda Yeti 1
9. V této otázce bude vaším úkole... 1A 2D 3C 4B 1
10. Na závěr jedno české mytologic... Blaník 1